[Event "40th TCh-GRE 2012"]
[Site "Achaea GRE"]
[Date "2012.06.30"]
[Round "1.7"]
[White "Ontabasidis,Aristidis"]
[Black "Drakoulakos,Grigorios"]
[Result "0-1"]
[WhiteElo "1588"]
[BlackElo "1736"]

1.e4 c5 2.Nf3 d6 3.Bb5+ Bd7 4.Bxd7+ Qxd7 5.c4 Nc6 6.Nc3 g6 7.d4 cxd4 8.Nxd4 Bg7
9.Be3 Nf6 10.f3 O-O 11.O-O b6 12.b3 Rac8 13.Qd2 Qb7 14.Rad1 Ne5 15.Bh6 Rfd8
16.Bxg7 Kxg7 17.Qe3 Nc6 18.Nce2 Nxd4 19.Nxd4 a6 20.a4 e5 21.Ne2 b5 22.axb5 axb5
23.cxb5 Qxb5 24.Rd2 Qb4 25.Rfd1 Rc6 26.Rd3 Rdc8 27.Qd2 Qb6+ 28.Qe3 Qxe3+
29.Rxe3 Rb8 30.Rd2 Rb4 31.Red3 Ne8 32.Kf2 f5 33.Ke3 fxe4 34.fxe4 Kf7 35.Rb2 Nf6
36.Ng3 Ng4+ 37.Ke2 Nxh2 38.Rbd2 Ke6 39.Rd1 Ng4 40.Kf3 h5 41.Re1 Rc8 42.Red1 Rf8+
43.Ke2 Rf2+ 44.Ke1 Rxg2 45.Rxd6+ Ke7 46.Rxg6 Rxg3 47.Rg7+ Kf6 48.Rdd7 Rxe4+
49.Kd2 Rd4+ 50.Rxd4 exd4 51.Rd7 h4 52.Rxd4 h3 53.Rf4+ Kg5 54.Rf1 h2  0-1

[Event "Perla Baltyku Open 2012"]
[Site "Lazy POL"]
[Date "2012.06.30"]
[Round "1.14"]
[White "Licznerski,L"]
[Black "Tselkovskiy,Kirill"]
[Result "1-0"]
[WhiteElo "2269"]
[BlackElo "1992"]

1.e4 c5 2.Nf3 d6 3.Bb5+ Nd7 4.O-O Nf6 5.Re1 a6 6.Bf1 b6 7.d4 cxd4 8.Nxd4 Bb7
9.f3 e6 10.Nc3 Be7 11.Nb3 O-O 12.Be3 b5 13.Qd2 b4 14.Ne2 d5 15.exd5 Nxd5
16.Bd4 e5 17.Bf2 Bg5 18.Qd3 Qc7 19.c4 bxc3 20.Nxc3 Nxc3 21.Qxc3 Rfc8 22.Rad1 a5
23.Qxc7 Rxc7 24.Bb5 Nf8 25.Rxe5 Bf6 26.Re2 a4 27.Nd4 Bd5 28.Re8 Ra5 29.Bg3 Re7
30.Rb8 Ra8 31.Rxa8 Bxa8 32.Bxa4 g6 33.Bd6 Ra7 34.b3 Ra6 35.Bb4 Kg7 36.Nb5 Ne6
37.Bc3 Bc6 38.Bxf6+ Kxf6 39.Nc3 Ba8 40.Bb5 Ra7 41.Rd7 Rxd7 42.Bxd7 Ke5 43.Bxe6 fxe6
44.Kf2 Kd4 45.Ne4 h5 46.h4 Kd3 47.Nc5+  1-0

[Event "ch-Pan Americano U20 2012"]
[Site "Sao Paulo BRA"]
[Date "2012.06.30"]
[Round "2.13"]
[White "Barbosa,Ev"]
[Black "Chiari,A"]
[Result "1-0"]
[WhiteElo "2435"]
[BlackElo "2010"]

1.e4 c5 2.Nf3 d6 3.Bb5+ Bd7 4.Bxd7+ Qxd7 5.O-O Nf6 6.Qe2 Nc6 7.Rd1 e6 8.d4 cxd4
9.Nxd4 Be7 10.c4 O-O 11.Nc3 Nxd4 12.Rxd4 Qc6 13.b3 Nd7 14.Bb2 Nc5 15.Rad1 Rad8
16.Qe3 Bf6 17.R4d2 a6 18.b4 Nd7 19.Rxd6 Qc7 20.c5 Be5 21.R6d2 Bxh2+ 22.Kh1 Be5
23.f4 Bf6 24.e5 Be7 25.Ne4 b6 26.Bd4 bxc5 27.bxc5 Nb8 28.Nd6 Nc6 29.Bc3 h6
30.Qe2 Qa7 31.Qc4 Rb8 32.Rd3 a5 33.f5 exf5 34.Nxf5 Rbd8 35.e6 f6 36.Qg4 g5
37.Qh5  1-0

[Event "ch-Pan Americano U20 w 2012"]
[Site "Sao Paulo BRA"]
[Date "2012.06.30"]
[Round "3.4"]
[White "Rothebarth,A"]
[Black "Vescovi,Katherine Lemos"]
[Result "1/2-1/2"]
[WhiteElo "2022"]
[BlackElo "1758"]

1.e4 c5 2.Nf3 d6 3.Bb5+ Bd7 4.Bxd7+ Qxd7 5.c4 Nf6 6.d3 Nc6 7.Nc3 e6 8.O-O Be7
9.d4 cxd4 10.Nxd4 O-O 11.b3 d5 12.exd5 exd5 13.Nxc6 bxc6 14.cxd5 cxd5 15.Qd4 Rac8
16.Bb2 Bc5 17.Qd3 Rfd8 18.Rad1 Qc7 19.Qf5 d4 20.Na4 Bd6 21.h3 Bh2+ 22.Kh1 Rd5
23.Qf3 Be5 24.g3 Rcd8 25.Rd3 Qd7 26.Kg2 Ne8 27.Rc1 Nc7 28.Nc5 Qb5 29.Ne4 h6
30.Rc4 Na6 31.a4 Qd7 32.Qd1 f5 33.Nd2 Nc5 34.Rf3 Ne4 35.Ba3 Ng5 36.Rd3 Ne4
37.Qf3 Ng5 38.Qd1 Ne4 39.Qf3 Ng5 40.Qd1 f4 41.Qg4 Qxg4 42.hxg4 fxg3 43.fxg3 Nf7
44.Nf3 Bf6 45.Bc5 a5 46.Ba3 Kh7 47.Rc7 Ng5 48.b4 Ne6 49.Rc6 axb4 50.Bxb4 Rb8
51.Ba3 Nd8 52.Rc4 Ne6 53.Rc6 Nd8 54.Rc2 Ra8 55.Rc4 Ne6 56.Rc6  1/2-1/2

[Event "XXI Adolf Anderssen Mem Prelim"]
[Site "Wroclaw POL"]
[Date "2012.06.30"]
[Round "6"]
[White "Zeberski,J"]
[Black "Malisauskas,V"]
[Result "0-1"]
[WhiteElo "2380"]
[BlackElo "2457"]

1.e4 c5 2.Nf3 d6 3.Bb5+ Bd7 4.Bxd7+ Qxd7 5.c4 g6 6.d4 cxd4 7.Nxd4 Nf6 8.Nc3 Bg7
9.O-O O-O 10.h3 Rc8 11.b3 b5 12.Ndxb5 Nxe4 13.Qf3 Qf5 14.Qxf5 gxf5 15.Nd5 Nc6
16.Rb1 e6 17.Ne3 a6 18.Na3 Nb4 19.f3 Nc3 20.Rb2 Ncxa2 21.Rd2 Bh6 22.f4 Nxc1
23.Rxc1 Bxf4 24.Kf2 d5 25.Rcd1 Rab8 26.Kf3 Bh6 27.Re2 Rc5 28.g4 Bxe3 29.Kxe3 fxg4
30.hxg4 Nc6 31.Rd3 d4+ 32.Ke4 Re5+ 33.Kf3 Ra5 34.Nc2 Ne5+ 35.Rxe5 Rxe5 36.Nxd4 Rd8
37.Kf4 Re1 38.Nf3 Rxd3 39.Nxe1 Rxb3 40.Ke4 a5  0-1

[Event "40th TCh-GRE 2012"]
[Site "Achaea GRE"]
[Date "2012.07.01"]
[Round "2.7"]
[White "Svetushkin,D"]
[Black "Kempinski,R"]
[Result "1/2-1/2"]
[WhiteElo "2597"]
[BlackElo "2606"]

1.e4 c5 2.Nf3 d6 3.Bb5+ Nd7 4.c3 Nf6 5.Qe2 a6 6.Ba4 e5 7.O-O Be7 8.d4 O-O
9.d5 Ne8 10.c4 g6 11.Nc3 Ng7 12.a3 f5 13.b4 Qc7 14.Be3 f4 15.Bd2 g5 16.Rfc1 Nb6
17.Bb3 g4 18.Ne1 f3 19.Qd3 fxg2 20.bxc5 dxc5 21.Nxg2 Bd6 22.Ne2 Rf3 23.Be3 Nh5
24.Ng3 Nf4 25.Qd2 Nh3+ 26.Kh1 Qf7 27.Nh4 Qf6 28.Nhf5 Bxf5 29.exf5 Rxf5 30.Bd1 Nxf2+
31.Bxf2 Rxf2 32.Ne4 Rf1+ 33.Kg2 Qg6 34.Kxf1 Qxe4 35.Qg5+ Kh8 36.Qf6+ Kg8
37.Qg5+ Kh8 38.Qf6+ Kg8 39.Qe6+ Kh8  1/2-1/2

[Event "7th Vladimir Dvorkovich Cup"]
[Site "Moscow RUS"]
[Date "2012.07.01"]
[Round "3.14"]
[White "Abbasov,Amil1"]
[Black "Antipov,M2"]
[Result "0-1"]
[WhiteElo "2201"]
[BlackElo "2433"]

1.e4 c5 2.Nf3 d6 3.Bb5+ Bd7 4.Bxd7+ Qxd7 5.O-O Nc6 6.c3 Nf6 7.d4 Nxe4 8.d5 Ne5
9.Re1 f5 10.Nxe5 dxe5 11.f3 Nf6 12.Rxe5 O-O-O 13.c4 e6 14.Nc3 exd5 15.Nxd5 Bd6
16.Nxf6 Qc7 17.Rd5 Bxh2+ 18.Kh1 gxf6 19.Qd3 Rxd5 20.cxd5 Qe5 21.Bd2 Rd8 22.Bc3 Qf4
23.Bxf6 Bg3 24.Kg1 Re8 25.Kf1 Kb8 26.Qc3 Qh6 27.Qxc5 Qxf6 28.Qc2 Qa6+ 29.Kg1 Qh6  0-1

[Event "15th Vins du Medoc"]
[Site "Naujac sur Mer FRA"]
[Date "2012.07.01"]
[Round "9.9"]
[White "Louis,T"]
[Black "Thalwitzer,D"]
[Result "0-1"]
[WhiteElo "2113"]
[BlackElo "2174"]

1.e4 c5 2.Nf3 d6 3.Bb5+ Bd7 4.Bxd7+ Qxd7 5.c3 Nf6 6.d4 Nxe4 7.d5 g6 8.O-O Bg7
9.Re1 Nf6 10.c4 b5 11.cxb5 a6 12.b6 Qb7 13.Nc3 Nbd7 14.Bf4 Qxb6 15.Qd2 Ng4
16.Na4 Qb5 17.Nc3 Qb8 18.Bg5 f6 19.Qe2 Nge5 20.Nxe5 dxe5 21.Be3 O-O 22.Rac1 Qb4
23.b3 Rfc8 24.Na4 f5 25.Qc4 e4 26.Bxc5 Qxc4 27.Rxc4 Ne5 28.Bxe7 Nxc4 29.bxc4 Rxc4
30.Nb6 Re8 31.Nxc4 Rxe7 32.d6 Rd7 33.Rb1 Bd4 34.Rb8+ Kf7 35.Rc8 Rb7 36.g3 Ra7  0-1

[Event "ch-Pan Americano U20 2012"]
[Site "Sao Paulo BRA"]
[Date "2012.07.01"]
[Round "4.21"]
[White "Vizzotto,Bernardo"]
[Black "Awoki,D"]
[Result "1-0"]
[WhiteElo "1995"]
[BlackElo "1900"]

1.e4 c5 2.Nf3 d6 3.Bb5+ Bd7 4.a4 Nf6 5.O-O e6 6.Re1 Be7 7.e5 dxe5 8.Nxe5 a6
9.Bf1 Nc6 10.Nc4 O-O 11.a5 Nd5 12.Nc3 Nd4 13.Nxd5 exd5 14.Nb6 Bf5 15.d3 Rb8
16.c3 Nc6 17.Qh5 g6 18.Qf3 d4 19.Bh6 Re8 20.Bf4 Nxa5 21.Bxb8 Qxb6 22.Qg3 Nb3
23.Rad1 Be6 24.Be5 a5 25.Be2 a4 26.Bg4 Bxg4 27.Qxg4 f6 28.Qd7 Kf7 29.Qd5+ Kg7
30.Bd6 Qd8 31.Re6 b5 32.Qb7 a3 33.Rde1 a2 34.Rxe7+ Rxe7 35.Rxe7+ Qxe7 36.Qxe7+ Kh6
37.Bf4+ Kh5 38.Qe2+ Kh4 39.h3 f5 40.Kh2  1-0

[Event "ch-Pan Americano U20 2012"]
[Site "Sao Paulo BRA"]
[Date "2012.07.02"]
[Round "6.2"]
[White "Barbosa,Ev"]
[Black "Santiago,Y"]
[Result "1/2-1/2"]
[WhiteElo "2435"]
[BlackElo "2345"]

1.e4 c5 2.Nf3 d6 3.Bb5+ Bd7 4.Bxd7+ Qxd7 5.O-O Nf6 6.Qe2 e6 7.d4 cxd4 8.Nxd4 Be7
9.Rd1 a6 10.e5 dxe5 11.Nf5 exf5 12.Rxd7 Nbxd7 13.Nc3 O-O 14.Bg5 Bc5 15.Rd1 Bd4
16.Qf3 h6 17.Bxf6 Nxf6 18.Qxf5 Bxc3 19.bxc3 Rac8 20.Qxe5 Rfe8 21.Qd4 Re4
22.Qa7 Rxc3 23.Qxb7 Rxc2 24.Qxa6 Ree2 25.Qa8+ Kh7 26.a4 Rxf2 27.a5 Ng4 28.h3 Ne5
29.Qe4+ Ng6 30.Rd4 f5 31.Qd5 f4 32.a6 f3 33.gxf3 Rg2+ 34.Kf1 Rcf2+ 35.Ke1 Ra2
36.Kf1 Raf2+  1/2-1/2

[Event "40th TCh-GRE 2012"]
[Site "Achaea GRE"]
[Date "2012.07.03"]
[Round "5.2"]
[White "Vatkali,D"]
[Black "Amiridou,D"]
[Result "1-0"]
[WhiteElo "1943"]
[BlackElo "1707"]

1.e4 c5 2.Nf3 d6 3.Bb5+ Bd7 4.Bxd7+ Qxd7 5.c4 Nc6 6.O-O Nf6 7.Nc3 g6 8.d4 cxd4
9.Nxd4 Bg7 10.Nde2 O-O 11.f3 a5 12.Be3 Ne5 13.b3 a4 14.f4 Neg4 15.Bd4 e5
16.fxe5 dxe5 17.Bc5 Qc6 18.Bxf8 Bxf8 19.Nxa4 Bc5+ 20.Kh1 Nxe4 21.Qd5 Nef2+
22.Rxf2 Nxf2+ 23.Kg1 Qxd5 24.cxd5 Ne4+ 25.Nxc5 Nxc5 26.b4 Nd3 27.b5 Rc8 28.Rd1 e4
29.a4 Kf8 30.g4 Rc4 31.a5 Ne5 32.h3 Rc5 33.d6 Nd7 34.a6 bxa6 35.bxa6 Ra5
36.Ng3 e3 37.Kf1 Rxa6 38.Ke2 Ra3 39.Nf1 Ra2+ 40.Kxe3 Ra3+ 41.Rd3 Rxd3+ 42.Kxd3 Ke8
43.Kd4 Nb6 44.Kc5 Nd7+ 45.Kd5 Nf8 46.Ng3 Ne6 47.Ne4 Kd8 48.g5 Nf4+ 49.Kc6 Ne6
50.h4 Nd4+ 51.Kd5 Ne6 52.Nf6 Nf8 53.Kc6 Ne6 54.Ne4 Nd4+ 55.Kd5 Ne6 56.Ke5 Nf8
57.Kf6 Ke8 58.Nc5  1-0

[Event "40th TCh-GRE 2012"]
[Site "Achaea GRE"]
[Date "2012.07.03"]
[Round "5.12"]
[White "Theodoulidis,T"]
[Black "Edouard,R"]
[Result "0-1"]
[WhiteElo "2146"]
[BlackElo "2625"]

1.e4 c5 2.Nf3 d6 3.Bb5+ Nd7 4.d4 cxd4 5.Qxd4 a6 6.Bxd7+ Bxd7 7.Nc3 Rc8 8.Bg5 h6
9.Bh4 e5 10.Qd3 g5 11.Bg3 Nf6 12.O-O Be7 13.Rad1 Be6 14.Rfe1 Qc7 15.Nd5 Bxd5
16.exd5 Qxc2 17.Qa3 Nd7 18.b3 Qc5 19.b4 Qc3 20.Qa4 Qc2 21.Qa5 Bd8 22.Qa3 Rc3
23.Qc1 Qxc1 24.Rxc1 Rxc1 25.Rxc1 f5 26.h4 Nb6 27.b5 axb5 28.hxg5 hxg5 29.Nxe5 dxe5
30.Bxe5 Rh4 31.Bc7 Rc4  0-1

[Event "40th TCh-GRE 2012"]
[Site "Achaea GRE"]
[Date "2012.07.03"]
[Round "5.3"]
[White "Dalipis,Nikolaos"]
[Black "Pavlidis,Pavlos"]
[Result "1-0"]
[WhiteElo "1544"]
[BlackElo "1403"]

1.e4 c5 2.Nf3 d6 3.Bb5+ Bd7 4.Bxd7+ Qxd7 5.O-O Nc6 6.c3 Nf6 7.Qe2 e5 8.Rd1 Be7
9.d4 cxd4 10.cxd4 exd4 11.Nxd4 Nxd4 12.Rxd4 O-O 13.Nc3 Qe6 14.Bf4 a6 15.Rad1 Rfd8
16.Qd3 Ne8 17.Nd5 Rac8 18.h3 Bf8 19.Qb3 b5 20.Bg5 Nf6 21.Nxf6+ gxf6 22.Qxe6 fxe6
23.Bxf6 Re8 24.e5 d5 25.Rg4+ Kf7 26.Rf4 Rc2 27.Bh4+ Kg6 28.Rd3 Be7 29.Rg3+ Kh5
30.Rf7 Kh6 31.Bxe7 Rxb2 32.Bf8+ Rxf8 33.Rxf8 Rxa2 34.Rf6+ Kh5 35.Rg7  1-0

[Event "NIKI Open 2012"]
[Site "Nachod CZE"]
[Date "2012.07.03"]
[Round "4.7"]
[White "Mudrak,J"]
[Black "Rychlik,H"]
[Result "1-0"]
[WhiteElo "2313"]
[BlackElo "2044"]

1.e4 c5 2.Nf3 d6 3.Bb5+ Nd7 4.O-O a6 5.Bd3 Ne5 6.Nxe5 dxe5 7.a4 b6 8.b3 e6
9.Bb2 Qg5 10.Na3 Bd6 11.Nc4 Bc7 12.g3 f6 13.Qe2 Ne7 14.a5 b5 15.Nb6 Rb8 16.h4 Qh6
17.Ba3 Bxb6 18.axb6 b4 19.Bc1 O-O 20.Bxa6 Qg6 21.Bxc8 Nxc8 22.Ra5 Nd6 23.Rxc5 Nxe4
24.Rc4 Nd6 25.h5 Qe8 26.Rxb4 Qc6 27.c3 Rfd8 28.Ba3 Nf5 29.Rb1 Rxb6 30.Rc4 Qb7
31.Qe4 Qxe4 32.Rxe4 Rxd2 33.Rc4 Rd8 34.Rc7 Ra6 35.Bc5 Ra2 36.b4 e4 37.g4 Nh4
38.b5 Nf3+ 39.Kg2 Nh4+ 40.Kg3 g5 41.hxg6 Nxg6 42.b6 Rd3+ 43.Be3 f5 44.gxf5 exf5
45.b7 f4+ 46.Kh3 Rxf2 47.b8=Q+ Nf8 48.Qxf8+  1-0

[Event "ch-Pan Americano U20 2012"]
[Site "Sao Paulo BRA"]
[Date "2012.07.03"]
[Round "8.2"]
[White "Barbosa,Ev"]
[Black "Martinez Alcantara,Jose Eduardo"]
[Result "1-0"]
[WhiteElo "2435"]
[BlackElo "2155"]

1.e4 c5 2.Nf3 d6 3.Bb5+ Bd7 4.Bxd7+ Qxd7 5.O-O Nf6 6.Qe2 Nc6 7.Rd1 g6 8.c3 Bg7
9.d4 cxd4 10.cxd4 d5 11.e5 Ne4 12.Ne1 h6 13.Nc3 Nxc3 14.bxc3 O-O 15.Nd3 b6
16.Nf4 e6 17.Rd3 Ne7 18.Rh3 Rfc8 19.g4 Rc4 20.Qd3 Rac8 21.Ne2 Qc7 22.Bxh6 Bxh6
23.Rxh6 Rxc3 24.Nxc3 Qxc3 25.Qxc3 Rxc3 26.Rd1 Nc6 27.Kg2 Na5 28.h4 Rc2 29.h5 Kg7
30.g5 gxh5 31.Rd3 Nc6 32.Rxh5 Rxa2 33.Rdh3 Ne7 34.Rh8 a6 35.g6 Kxg6 36.Re8 Nc6
37.Rg8+ Kf5 38.Rf3+  1-0

[Event "Stockholm Master Open 2012"]
[Site "Stockholm SWE"]
[Date "2012.07.03"]
[Round "8.6"]
[White "Evertsson,L"]
[Black "Lindgren,P"]
[Result "0-1"]
[WhiteElo "2114"]
[BlackElo "2230"]

1.e4 c5 2.Nf3 d6 3.Bb5+ Bd7 4.Bxd7+ Qxd7 5.O-O Nc6 6.d3 Nf6 7.Re1 g6 8.Bd2 Bg7
9.Bc3 O-O 10.a4 d5 11.exd5 Qxd5 12.Nbd2 e6 13.a5 b5 14.axb6 axb6 15.Nc4 Rab8
16.Ra6 b5 17.Ne3 Qd7 18.Qa1 Nd4 19.Bxd4 cxd4 20.Ra7 Qd6 21.Nf1 Rfc8 22.Re2 Nh5
23.g3 Qd5 24.Ne1 Ra8 25.Qa6 Rxa7 26.Qxc8+ Bf8 27.c4 bxc4 28.dxc4 Qf5 29.Qd8 e5
30.Qd5 Re7 31.f3 Nf6 32.Qc6 Re6 33.Qb7 Bh6 34.Qb3 e4 35.fxe4 Nxe4 36.Qf3 Qxf3
37.Nxf3 d3 38.Re1 d2 39.Rd1 Rb6 40.N1xd2 Nxd2 41.Nxd2 Rd6 42.Rb1 Rxd2 43.b4 Rc2
44.c5 Rc1+ 45.Rxc1 Bxc1 46.Kf2 Kf8 47.Kf3 Ke7 48.b5 Ba3 49.c6 Bc5 50.Ke4 Kd6
51.g4 h6 52.h4 Bb6 53.g5 hxg5 54.hxg5 Ke6 55.Kf4 Kd5 56.Kg4 Ke5  0-1

[Event "40th TCh-GRE 2012"]
[Site "Achaea GRE"]
[Date "2012.07.04"]
[Round "6.1"]
[White "Tsolakidou,Stavroula"]
[Black "Ioannidis,Ev"]
[Result "0-1"]
[WhiteElo "1845"]
[BlackElo "1935"]

1.e4 c5 2.Nf3 d6 3.Bb5+ Bd7 4.Bxd7+ Qxd7 5.c4 Nf6 6.Nc3 g6 7.d4 cxd4 8.Nxd4 Bg7
9.f3 O-O 10.Be3 Nc6 11.O-O Rfc8 12.b3 Ne5 13.Rc1 Qd8 14.Qd2 Qa5 15.Rfd1 Ned7
16.Bg5 Rc5 17.Nd5 Nxd5 18.exd5 Qxd2 19.Rxd2 Nb6 20.Re1 e6 21.Be3 exd5 22.Nb5 Rxb5
23.cxb5 Bc3 24.Red1 Bxd2 25.Rxd2 Kf8 26.Bxb6 axb6 27.Rxd5 Ke7 28.a4 Rc8 29.Rd2 Rc3
30.Rb2 d5 31.Kf2 Kd6 32.Ke2 Kc5 33.b4+ Kc4 34.Kd2 d4 35.a5 Kxb5 36.axb6 Kxb6
37.b5 Kc5 38.b6 Kc4 39.Ra2 Kc5 40.Rb2 Ra3 41.Kc2 d3+ 42.Kd2 Kc4 43.g3 Rc3
44.Ra2 Rc2+ 45.Rxc2+ dxc2 46.Kxc2 Kc5 47.Kc3 Kxb6 48.Kb4 f5 49.Kc4 Kc6 50.h4 h5
51.Kd4 Kd6 52.Kc4 Ke5 53.Kc5 b5 54.Kxb5 Kd4 55.Kc6 Ke3 56.Kd5 Kxf3 57.Ke5 Kxg3
58.Kf6 f4 59.Kxg6 Kxh4  0-1

[Event "40th TCh-GRE 2012"]
[Site "Achaea GRE"]
[Date "2012.07.04"]
[Round "6.1"]
[White "Mastrovasilis,D"]
[Black "Papaioannou,I"]
[Result "1/2-1/2"]
[WhiteElo "2612"]
[BlackElo "2597"]

1.e4 c5 2.Nf3 d6 3.Bb5+ Bd7 4.Bxd7+ Qxd7 5.O-O Nf6 6.Qe2 Nc6 7.c3 e6 8.d4 cxd4
9.cxd4 d5 10.e5 Ne4 11.Be3 Be7 12.Ne1 f6 13.f3 Ng5 14.Nd3 Nf7 15.f4 f5 16.Nd2 O-O
17.Nf3 b6 18.Bd2 Rac8 19.Rfc1 Nb8 20.Qd1 Rc4 21.b3 Rxc1 22.Rxc1 Rc8 23.Bb4 Nc6
24.Bxe7 Nxe7 25.Rc2 Rc6 26.Qc1 Rxc2 27.Qxc2 a5 28.Kf2 h6 29.h3 Nd8 30.Qc3 Ndc6
31.a4 Qe8 32.Qc1 Qd7  1/2-1/2

[Event "Perla Baltyku Open 2012"]
[Site "Lazy POL"]
[Date "2012.07.04"]
[Round "5.17"]
[White "Kumala,A"]
[Black "Eggink,M"]
[Result "0-1"]
[WhiteElo "1969"]
[BlackElo "2012"]

1.e4 c5 2.Nf3 d6 3.Bb5+ Bd7 4.Bxd7+ Qxd7 5.d4 cxd4 6.Nxd4 Nf6 7.Nc3 g6 8.Bg5 Bg7
9.Qd2 O-O 10.Bh6 Nxe4 11.Nxe4 Qg4 12.f3 Qh4+ 13.g3 Qxh6 14.f4 Bxd4 15.Qxd4 Qg7
16.Qb4 Nc6 17.Qxb7 Qd4 18.Nd2 Nb4 19.O-O-O Rab8 20.c3 Qd3  0-1

[Event "7th Vladimir Dvorkovich Cup"]
[Site "Moscow RUS"]
[Date "2012.07.04"]
[Round "5.15"]
[White "Sadikhov,U"]
[Black "Dastan,B"]
[Result "1/2-1/2"]
[WhiteElo "2120"]
[BlackElo "2272"]

1.e4 c5 2.Nf3 d6 3.Bb5+ Nd7 4.d4 Nf6 5.O-O a6 6.Bxd7+ Nxd7 7.Nc3 e6 8.Bg5 Qc7
9.d5 b5 10.dxe6 fxe6 11.Re1 Nb6 12.Qe2 Bd7 13.Nh4 g6 14.Bf6 Rg8 15.Nd5 Qb7
16.Nxb6 Qxb6 17.Rad1 Ra7 18.b3 b4 19.f4 Bc8 20.Bb2 Rf7 21.g3 Be7 22.Ng2 Qc6
23.Qc4 g5 24.Rf1 a5 25.fxg5 Ba6 26.Qxe6 Bxf1 27.Rxf1 Rxf1+ 28.Kxf1 Rg6 29.Bf6 Qb5+
30.Kg1 Qd7 31.Qf5 Bxf6 32.gxf6 Qxf5 33.exf5 Rg5 34.Ne3 Kf7 35.g4 Kxf6 36.h4 Rg8
37.g5+ Ke5 38.Kf2 Ke4 39.f6 d5 40.Ng4 Kf4 41.Nh6 Re8 42.f7 Rf8 43.Ke2 Ke4
44.h5 Ke5 45.Ke3 c4 46.Kd2 Ke6 47.Ke3 Rd8 48.Kd4  1/2-1/2

[Event "1st ITT LXSBC 2012"]
[Site "Sao Bernardo do Campo BRA"]
[Date "2012.07.04"]
[Round "3.1"]
[White "Martinez,Ay"]
[Black "Barreto Filho,C"]
[Result "1-0"]
[WhiteElo "2068"]
[BlackElo "2325"]

1.e4 c5 2.Nf3 d6 3.Bb5+ Bd7 4.Bxd7+ Qxd7 5.O-O Nc6 6.c3 Nf6 7.Qe2 e6 8.d4 cxd4
9.cxd4 d5 10.e5 Ne4 11.Be3 Be7 12.Ne1 f6 13.f3 Ng5 14.f4 Ne4 15.Nd2 Nxd2
16.Qxd2 O-O 17.Nd3 f5 18.b4 b6 19.Rac1 Rac8 20.a3 Nb8 21.Qe2 Rxc1 22.Bxc1 Qa4
23.Nb2 Qxa3 24.b5 Qc3 25.Be3 Qc7 26.g4 fxg4 27.Qxg4 Qd7 28.Nd3 Rf5 29.Kh1 Bf8
30.Rb1 Qc8 31.Nf2 a5 32.bxa6 Qxa6 33.Qg3 Nd7 34.Ng4 g6 35.Bg1 b5 36.Ne3 Rf7
37.f5 exf5 38.Nxd5 Bg7 39.Qg2 Nf8 40.Nc3 f4 41.Qf3 Qb7 42.Kg2 b4 43.Nd5 g5
44.Rxb4 Qd7 45.Bf2 Qf5 46.Nc3 g4 47.Qe4 Qh5 48.Kg1 Qh3 49.Qe1 g3 50.hxg3 fxg3
51.Bxg3 Rf3 52.Ne4 Bh6 53.Bf2 Bf4 54.Rb2 Bh2+ 55.Kh1 Bg3+ 56.Kg1 Bh2+ 57.Kh1 Bxe5+
58.Kg1 Qg4+ 59.Kf1 Bxd4 60.Rd2 Qh3+ 61.Kg1 Rf4 62.Rxd4 Ne6 63.Rb4 Qg4+ 64.Bg3 Ng5
65.Nf6+ Rxf6 66.Rxg4  1-0

[Event "40th TCh-GRE 2012"]
[Site "Achaea GRE"]
[Date "2012.07.05"]
[Round "7.5"]
[White "Ontabasidis,Aristidis"]
[Black "Stefanatos,Gerasimos"]
[Result "1/2-1/2"]
[WhiteElo "1588"]
[BlackElo "1437"]

1.e4 c5 2.Nf3 d6 3.Bb5+ Bd7 4.Bxd7+ Qxd7 5.c4 e5 6.d3 Nc6 7.Nc3 Nge7 8.O-O g6
9.Ne1 Bg7 10.f4 exf4 11.Bxf4 O-O 12.Qd2 Rfe8 13.Nc2 Nd4 14.Nxd4 Bxd4+ 15.Be3 Bxc3
16.Qxc3 Nc6 17.Qf6 Re6 18.Qf4 Nb4 19.Rfd1 Nc2 20.Rac1 Nxe3 21.Qxe3 Rae8 22.Qf3 Qa4
23.Rf1 R8e7 24.a3 Qb3 25.Rf2 Qb6 26.Rcf1 Qc7 27.Qh3 Qd7 28.Rf4 g5 29.Qg3 Rg6
30.Rf6 Re6  1/2-1/2

[Event "40th TCh-GRE 2012"]
[Site "Achaea GRE"]
[Date "2012.07.05"]
[Round "7.16"]
[White "Magklaras,T"]
[Black "Botsaris,A"]
[Result "0-1"]
[WhiteElo "1652"]
[BlackElo "1985"]

1.e4 c5 2.Nf3 d6 3.Bb5+ Nd7 4.c3 g6 5.O-O Bg7 6.d4 cxd4 7.cxd4 a6 8.Bc4 e6
9.Nc3 b5 10.Bb3 Bb7 11.Re1 Ne7 12.Bf4 Nb6 13.Qd2 O-O 14.Bh6 Nc4 15.Bxc4 bxc4
16.Bxg7 Kxg7 17.d5 e5 18.Qe2 Qc7 19.Nd2 Rfc8 20.Rf1 Rab8 21.Kh1 a5 22.f4 exf4
23.Rxf4 Ba6 24.Raf1 Rf8 25.Nf3 h6 26.Nd4 Bc8 27.Qf2 Ng8 28.Ne6+ Bxe6 29.dxe6 f6
30.Nd5 Qc5 31.e7 Rf7 32.Qxc5 dxc5 33.e5 f5 34.e6 Nxe7 35.exf7 Nxd5 36.R4f2 Kxf7
37.Rc1 Re8 38.g4 f4 39.Rd1 Re5 40.Rc1 Kf6 41.h4 Re4 42.Rfc2 Ne3 43.Rc3 Ke5
44.Ra3 Nxg4 45.Rxa5 Nf2+ 46.Kg1 Nd3 47.Rc2 f3 48.Ra8 Kf4  0-1

[Event "2nd Polugaevsky Mem"]
[Site "Samara RUS"]
[Date "2012.07.05"]
[Round "1.43"]
[White "Loginov,Ilya"]
[Black "Purygin,A"]
[Result "0-1"]
[WhiteElo "1740"]
[BlackElo "2249"]

1.e4 c5 2.Nf3 d6 3.Bb5+ Nd7 4.O-O Nf6 5.Re1 g6 6.c3 a6 7.Bf1 Bg7 8.d4 O-O
9.Bg5 h6 10.Bxf6 Nxf6 11.Nbd2 Qc7 12.Rc1 Rd8 13.b4 b6 14.g3 e6 15.Bg2 Bb7
16.a3 Rac8 17.c4 cxd4 18.Nxd4 Qb8 19.N4b3 Rd7 20.c5 dxc5 21.bxc5 Bc6 22.cxb6 Qxb6
23.Nc4 Rxd1 24.Nxb6 Rxe1+ 25.Rxe1 Rb8 26.e5 Bxg2 27.exf6 Rxb6 28.fxg7 Rxb3
29.Kxg2 Rxa3 30.Rc1 h5 31.h4 Kxg7  0-1

[Event "2nd Polugaevsky Mem"]
[Site "Samara RUS"]
[Date "2012.07.06"]
[Round "2.7"]
[White "Mokshanov,A"]
[Black "Shomoev,A"]
[Result "1/2-1/2"]
[WhiteElo "2413"]
[BlackElo "2582"]

1.e4 c5 2.Nf3 d6 3.Bb5+ Nd7 4.c3 a6 5.Ba4 c4 6.Bc2 Ngf6 7.Qe2 Qc7 8.d4 cxd3
9.Bxd3 g6 10.O-O Bg7 11.Bc2 O-O 12.Nbd2 b5 13.Nb3 Nb6 14.Bg5 e5 15.Rfd1 Be6
16.Nbd2 Na4 17.Bxa4 bxa4 18.Bxf6 Bxf6 19.c4 Rfb8 20.b3 Rb7 21.Rdc1 Qc5 22.Rc3 Qa5
23.Rac1 Rc8 24.Rd3 axb3 25.axb3 Rc6 26.Qd1 Rcb6 27.Ra1 Qc5 28.Ra4 Qc6 29.Ra5 Rb8
30.h3 R6b7 31.Qa1 Rb6 32.Qd1 R6b7 33.Qa1 Rb6 34.Qd1 R6b7 35.Qa1 Rb6  1/2-1/2

[Event "2nd Polugaevsky Mem"]
[Site "Samara RUS"]
[Date "2012.07.06"]
[Round "2.5"]
[White "Vokarev,S"]
[Black "Gabrielian,A"]
[Result "0-1"]
[WhiteElo "2437"]
[BlackElo "2594"]

1.e4 c5 2.Nf3 d6 3.Bb5+ Nc6 4.d4 cxd4 5.Qxd4 Bd7 6.Bxc6 Bxc6 7.c4 Nf6 8.Nc3 g6
9.O-O Bg7 10.Qd3 Nd7 11.Be3 O-O 12.Nd4 Qa5 13.Rac1 Rac8 14.b3 Qh5 15.f3 Be5
16.h3 f5 17.Nd5 Nc5 18.Qd2 Rf7 19.b4 Nd7 20.b5 Bxd5 21.exd5 Nc5 22.Ne6 Nxe6
23.dxe6 Rff8 24.f4 Bf6 25.Bxa7 Ra8 26.Be3 Ra4 27.c5 dxc5 28.Rxc5 Rfa8 29.Rfc1 Kg7
30.Rc8 Kh6 31.Rxa8 Rxa8 32.Rc7 Ra3 33.Bd4 Rxa2 34.Qxa2 Qd1+ 35.Kh2 Bxd4 36.Rd7 Qg1+
37.Kg3 Qe1+  0-1

[Event "35th Barbera Open A"]
[Site "Barbera del Valles ESP"]
[Date "2012.07.07"]
[Round "4.8"]
[White "Munoz Pantoja,M"]
[Black "Colon Garcia,E"]
[Result "1/2-1/2"]
[WhiteElo "2496"]
[BlackElo "2365"]

1.e4 c5 2.Nf3 d6 3.Bb5+ Nc6 4.d4 cxd4 5.Nxd4 Bd7 6.Bxc6 bxc6 7.c4 Nf6 8.Nc3 g6
9.O-O Bg7 10.h3 O-O 11.Be3 Qb8 12.Qd2 c5 13.Nde2 Qb7 14.f3 a5 15.Nf4 a4 16.Rab1 Bc6
17.Nd3 Nd7 18.Bh6 Bd4+ 19.Be3 Bg7 20.Bh6 Bd4+ 21.Be3 Bg7 22.Bh6  1/2-1/2

[Event "11th ROC Nova Open"]
[Site "Haarlem NED"]
[Date "2012.07.07"]
[Round "3.4"]
[White "Haslinger,S"]
[Black "L'Ami,Alina"]
[Result "1-0"]
[WhiteElo "2536"]
[BlackElo "2372"]

1.e4 c5 2.Nf3 d6 3.Bb5+ Bd7 4.Bxd7+ Qxd7 5.O-O Nf6 6.Qe2 Nc6 7.Rd1 e6 8.d4 cxd4
9.Nxd4 Be7 10.c4 Nxd4 11.Rxd4 Qc6 12.Nc3 Rc8 13.b3 a6 14.Bb2 O-O 15.a4 Rfe8
16.Rad1 Qb6 17.Qc2 Nd7 18.Ba3 Rc6 19.h3 h6 20.Ne2 Nc5 21.b4 Nd7 22.Qa2 e5
23.R4d2 Nf6 24.Nc3 Rec8 25.c5 dxc5 26.Nd5 Nxd5 27.exd5 Rf6 28.bxc5 Bxc5 29.Rb2 Qd6
30.Bxc5 Rxc5 31.Rxb7 e4 32.a5 Rf5 33.Rb6 Qd8 34.d6 Rxa5 35.Qb1 Rfb5 36.Rxb5 axb5
37.d7 Ra8 38.Qxe4 Rb8 39.Qe5  1-0

[Event "ch-SLO w 2012"]
[Site "Ljubljana SLO"]
[Date "2012.07.07"]
[Round "8.1"]
[White "Orehek,S"]
[Black "Skuhala,B"]
[Result "1-0"]
[WhiteElo "2038"]
[BlackElo "1773"]

1.e4 c5 2.Nf3 d6 3.Bb5+ Bd7 4.Bxd7+ Qxd7 5.c4 Nf6 6.Nc3 e6 7.O-O Nc6 8.d4 cxd4
9.Nxd4 Nxd4 10.Qxd4 Be7 11.Rd1 e5 12.Qd3 O-O 13.Bg5 Rac8 14.b3 Rfd8 15.a4 Ne8
16.Be3 b6 17.a5 Rb8 18.axb6 axb6 19.Nd5 Nf6 20.Ra6 Nxd5 21.Qxd5 b5 22.Ra7 Qe8
23.cxb5 Kf8 24.b6 Rd7 25.Rda1 Rdd8 26.Rc1 Rd7 27.b7 Rdd8 28.Bb6 Rd7 29.Rc8  1-0

[Event "Mulhouse WIM 2012"]
[Site "Mulhouse FRA"]
[Date "2012.07.07"]
[Round "8.4"]
[White "Neuhauser,S"]
[Black "Haussernot,C"]
[Result "0-1"]
[WhiteElo "2067"]
[BlackElo "2099"]

1.e4 c5 2.Nf3 d6 3.Bb5+ Nc6 4.Bxc6+ bxc6 5.O-O Bg4 6.c3 Nf6 7.Re1 e6 8.d4 cxd4
9.cxd4 Be7 10.Nbd2 O-O 11.b3 Qc7 12.Bb2 d5 13.Qc2 Bxf3 14.gxf3 Qf4 15.e5 Nh5
16.Qc3 a5 17.Qe3 Qh4 18.f4 Nxf4 19.Kh1 Nh3 20.Kg2 Qg4+ 21.Qg3 Nf4+ 22.Kf1 Qxg3
23.hxg3 Nd3 24.Reb1 Bb4  0-1

[Event "2nd Polugaevsky Mem"]
[Site "Samara RUS"]
[Date "2012.07.07"]
[Round "3.1"]
[White "Shaposhnikov,E"]
[Black "Khismatullin,D"]
[Result "0-1"]
[WhiteElo "2545"]
[BlackElo "2664"]

1.e4 c5 2.Nf3 d6 3.Bb5+ Nd7 4.d4 cxd4 5.Qxd4 a6 6.Bxd7+ Bxd7 7.Bg5 Rc8 8.Nc3 h6
9.Bh4 e5 10.Qd3 g5 11.Bg3 Nf6 12.h4 g4 13.Nd2 b5 14.a3 Be6 15.h5 Qa5 16.Nd5 Nxd5
17.exd5 Bd7 18.O-O Bg7 19.Bh4 Qc7 20.Rac1 O-O 21.c4 f5 22.Rc2 f4 23.Rfc1 Bf5
24.Ne4 Qf7 25.cxb5 Rxc2 26.Rxc2 Qxh5 27.Be7 g3  0-1